Základy teorie odhadu /
Salvato in:
| Autore principale: | |
|---|---|
| Natura: | Libro |
| Lingua: | slovacco |
| Pubblicazione: |
Bratislava :
Veda,
1983
|
| Tags: |
Nessun Tag, puoi essere il primo ad aggiungerne!!
|
MARC
| LEADER | 00000nam a22000003a 4500 | ||
|---|---|---|---|
| 001 | stu3440 | ||
| 005 | 20150617225616.2 | ||
| 008 | 930331s1983----cs------------------slo-d | ||
| 040 | |a STU |b slo | ||
| 041 | 0 | |a slo | |
| 044 | |a cs | ||
| 080 | |a 519.2 | ||
| 100 | 1 | |a Kubáček, Lubomír |4 aut | |
| 245 | 1 | |a Základy teorie odhadu / |c [aut.] Kubáček,Lubomír | |
| 260 | |a Bratislava : |b Veda, |c 1983 | ||
| 300 | |a 254 s | ||
| 996 | |b E51549 |c E*51549 |l EE03 |s P |a 0 |w stu3440_0001 | ||
| 996 | |b E51550 |c E*51550 |l EE03 |s P |a 0 |w stu3440_0002 | ||
| 996 | |b E68119 |c E*68119 |l EE03 |s P |a 0 |w stu3440_0010 | ||